Proposed Income Tax Treaty Between the U.S. and the Philippines : prepared for the use of the Committee on Foreign Relations by the staff of the Joint Committee on Taxation.

Bibliographic Details
Corporate Authors: ProQuest (Firm), United States. Congress. Senate. Committee on Foreign Relations, United States. Congress. Joint Committee on Taxation
Format: eBook
Language:English
Published: Washington : U.S. G.P.O., 1977.
Series:U.S. Congressional Research.
Subjects:
Online Access:Connect to the full text of this electronic book

MARC

Tag First Indicator Second Indicator Subfields
LEADER 00000cam a22000001a 4500
001 in00003278024
006 m d f
007 cr bn mmmapmmp
008 101011s1977 dcu o f000 0 eng d
005 20260429195437.5
035 |a cis2007811038 
040 |a LexisNexis  |c LexisNexis  |d UtOrBLW 
043 |a n-us--- 
099 |a CMP-1977-FOR-0026 
245 0 0 |a Proposed Income Tax Treaty Between the U.S. and the Philippines :  |b prepared for the use of the Committee on Foreign Relations by the staff of the Joint Committee on Taxation. 
264 1 |a Washington :  |b U.S. G.P.O.,  |c 1977. 
300 |a 1 online resource. 
336 |a text  |b txt  |2 rdacontent 
337 |a computer  |b c  |2 rdamedia 
338 |a online resource  |b cr  |2 rdacarrier 
500 |a Record is based on bibliographic data in LexisNexis U.S. Congressional Research Digital Collection. Reuse except for individual research requires license from LexisNexis. 
500 |a Electronic resource. 
650 0 |a Double taxation  |z United States  |v Treaties. 
650 0 |a Double taxation  |z Philippines  |x Treaties. 
650 0 |a Income tax  |x Law and legislation  |z United States. 
650 0 |a Income tax  |x Law and legislation  |z Philippines. 
655 7 |a Electronic books.  |2 local 
710 2 |a ProQuest (Firm) 
710 1 |a United States.  |b Congress.  |b Senate.  |b Committee on Foreign Relations. 
710 1 |a United States.  |b Congress.  |b Joint Committee on Taxation. 
776 0 8 |i Print version:   |t Proposed Income Tax Treaty Between the U.S. and the Philippines 
776 0 8 |i Microfiche version:   |t Proposed Income Tax Treaty Between the U.S. and the Philippines  |d [Bethesda, Md.] :LexisNexis Academic & Library Solutions,1977.   |o CIS 77 S382-19  |w (LexisNexis)cis07702691 
830 0 |a U.S. Congressional Research. 
856 4 0 |u http://proxy.library.tamu.edu/login?url=https://congressional.proquest.com/congcomp/getdoc?CRDC-ID=CMP-1977-FOR-0026  |z Connect to the full text of this electronic book  |t 0 
998 |a cis07702691 
999 |a MARS 
999 f f |s b189c967-611d-3698-865b-86affce3c58c  |i 26815e1e-2ba5-3cb7-9f96-46e4f7bf62af  |t 0 
952 f f |a Texas A&M University  |b College Station  |c Electronic Resources  |s www_evans  |d Available Online  |t 0  |e CMP-1977-FOR-0026  |h Other scheme 
998 f f |a CMP-1977-FOR-0026  |t 0  |l Available Online